|
|
|
|
| LEADER |
00808nam a2200229 a 4500 |
| 008 |
100126s1992 ii b 001 0 eng d |
| 020 |
|
|
|a 8185252211
|
| 040 |
|
|
|a BD-DhAAL
|c BD-DhAAL
|d BD-DhAAL
|
| 082 |
0 |
0 |
|a 301.5/92
|1 7
|
| 100 |
1 |
|
|a Roychowdhury,Debesh.
|
| 245 |
1 |
4 |
|a Sociology of public administration, /
|c Debesh Roychowdhury
|
| 260 |
|
|
|a Calcutta, :
|b Best Books,
|c 1992
|
| 300 |
|
|
|a 329 p. :
|c 23 cm.
|
| 362 |
|
|
|a Vol. I
|
| 504 |
|
|
|a Includes bibliographical references.
|
| 541 |
1 |
|
|e 00008107
|
| 650 |
|
0 |
|a Public administration.
|
| 650 |
|
0 |
|a Bureaucracy.
|
| 650 |
|
0 |
|a Organization.
|
| 852 |
4 |
|
|a Ayesha Abed Library
|j General shelf
|
| 999 |
|
|
|c 7240
|d 7240
|
| 952 |
|
|
|0 0
|1 0
|2 ddc
|4 0
|6 301_592000000000000_ROY_1992
|7 0
|9 7548
|a BRACUL
|b BRACUL
|c GEN
|d 2010-01-28
|l 0
|o 301.592 ROY
|p 3010008107
|r 2010-01-28
|t 1
|w 2010-01-28
|y BK
|